Kursus persediaan pegawai ( Jawatan Kader )Unit pesuruhjaya bangunan ( COB ) di pihak berkuasa tempatan : 16 - 20 Jun 2008

Bibliographic Details
Corporate Authors: Kursus persediaan pegawai ( Jawatan Kader )Unit pesuruhjaya bangunan ( COB ) di pihak berkuasa tempatan, INSPEN ( Institut Penilaian Negara )
Format: Book
Language:Malay
Published: Bangi : Institut Penilaian Negara , 2008
Subjects:
Online Access:http://app.inspen.gov.my:7779/pls/portal/docs/PAGE/CORPORATEPAGES/PORTAL_INSPEN/NOTA_KURSUS/BUILDING/KURSUS%20PERSEDIAAN%20PEGAWAI%20(JAWATAN%20KADER)%20UNIT%20PESURUHJAYA%20B.PDF

MARC

LEADER 00000cam a2200000 7i4500
001 0000021904
005 20090316.0
008 090210 my a may
040 |a INS 
090 0 0 |a COB1 
110 1 |a Kursus persediaan pegawai ( Jawatan Kader )Unit pesuruhjaya bangunan ( COB ) di pihak berkuasa tempatan ,   |d 2008 16 - 20 Jun   |c INSPEN, Bangi 
245 0 0 |a Kursus persediaan pegawai ( Jawatan Kader )Unit pesuruhjaya bangunan ( COB ) di pihak berkuasa tempatan :   |b 16 - 20 Jun 2008   |c Anjuran Pusat Penilaian dan Perkhidmatan Harta, INSPEN 
260 |a Bangi :   |b Institut Penilaian Negara ,   |c 2008 
300 |a 1v. (Various pagings) :   |b ill. ;   |c 30 cm. 
650 0 |a Building   |x Commissioning 
710 1 |a INSPEN ( Institut Penilaian Negara ) 
856 |u http://app.inspen.gov.my:7779/pls/portal/docs/PAGE/CORPORATEPAGES/PORTAL_INSPEN/NOTA_KURSUS/BUILDING/KURSUS%20PERSEDIAAN%20PEGAWAI%20(JAWATAN%20KADER)%20UNIT%20PESURUHJAYA%20B.PDF 
999 |a COB0000001   |b BOOK   |c Course Notes   |e Default branch 
999 |a COB0000002   |b BOOK   |c Course Notes   |e Default branch 
999 |a COB0000005   |b BOOK   |c Course Notes   |e Default branch